logo

Bir Sreshtho Munshi Abdur Rouf Library
Jhenaidah Cadet College

কবি জসীম উদ্দীনের ভাষণ / (Record no. 10572)

MARC details
000 -LEADER
fixed length control field 00861nam a2200241 a 4500
001 - CONTROL NUMBER
JCCL Control Number 10572
003 - CONTROL NUMBER IDENTIFIER
JCCL marc code BD-JhCC
005 - DATE AND TIME OF LATEST TRANSACTION
control field 20180723084637.0
008 - FIXED-LENGTH DATA ELEMENTS--GENERAL INFORMATION
fixed length control field 180723s2005 bg a|||| |||| 00| 0 mul d
020 ## - INTERNATIONAL STANDARD BOOK NUMBER
International Standard Book Number 9844600000
035 ## - SYSTEM CONTROL NUMBER
system control number (BD-JhCC)10572
040 ## - CATALOGING SOURCE
Original cataloging agency BD-JhCC
Modifying agency BD-JhCC
041 ## - LANGUAGE CODE
Language code of Book Bengali and English
082 ## - DEWEY DECIMAL CLASSIFICATION NUMBER
Classification number 808.85
Author mark and Year UDD 2005
100 ## - MAIN ENTRY--PERSONAL NAME
Personal name উদ্দীন, জসীম
245 ## - TITLE STATEMENT
Title কবি জসীম উদ্দীনের ভাষণ /
Statement of responsibility, etc জসীম উদ্দীন, খুরশীদ আনোয়ার জসীমউদ্দীন (সম্পা.)
260 ## - PUBLICATION, DISTRIBUTION, ETC. (IMPRINT)
Place of publication, distribution, etc ঢাকা :
Name of publisher, distributor, etc পলাশ,
Date of publication, distribution, etc 2005
300 ## - PHYSICAL DESCRIPTION
Pagination 176 p. :
Other physical details ill.;
Dimensions 21 cm.
650 ## - SUBJECT ADDED ENTRY--TOPICAL TERM
Topical term or geographic name as entry element Speeches
650 ## - SUBJECT ADDED ENTRY--TOPICAL TERM
Topical term or geographic name as entry element Speeches, addresses, etc
700 ## - ADDED ENTRY--PERSONAL NAME
Personal name জসীমউদ্দীন, খুরশীদ আনোয়ার
942 ## - ADDED ENTRY ELEMENTS (KOHA)
Source of classification or shelving scheme Dewey Decimal Classification
Koha item type Books
Holdings
Source of classification or shelving scheme Damaged status Not for loan Home library Current library Shelving location Date of accession Cost, normal purchase price Total Checkouts Full call number Barcode Date last seen Copy number Koha item type
Dewey Decimal Classification     JCC Rouf Library JCC Rouf Library General Stacks 07/23/2018 250.00   808.85 UDD 2005 14143 07/23/2018 C-1 Books

JCC Library | Contacts | JCC Home

Last Update on 23 September 2017
Copyright @ 2017-2020 JCC Rouf Library
Rouf Library, Jhenidah Cadet College (JCC), Bangladesh